Študijný program Fakulty hospodárskej informatiky Ekonomická univerzita v Bratislave 2001/2002

Salvato in:
Dettagli Bibliografici
Ente Autore: Ekonomická univerzita v Bratislave. Fakulta hospodárskej informatiky
Altri autori: Brezina, Ivan, 1963-, Kordošová, Elena
Natura: Libro
Lingua:slovacco
Pubblicazione: Bratislava Vydavateľstvo Ekonóm 2001
Soggetti:
Tags: Aggiungi Tag
Nessun Tag, puoi essere il primo ad aggiungerne!!

MARC

LEADER 00000nam a2200000 4500
001 c127524
005 20240502071320.7
020 |a 80-225-1429-2 
041 0 |a slo 
044 |a SK 
245 1 0 |a Študijný program Fakulty hospodárskej informatiky  |b Ekonomická univerzita v Bratislave 2001/2002  |c [zostavili: Ivan Brezina, Elena Kordošová] 
264 1 |a Bratislava  |b Vydavateľstvo Ekonóm  |c 2001 
300 |a 153 s. 
610 2 0 |a programy študijné 
610 2 0 |a univerzity 
610 2 0 |a vzdelávanie vysokoškolské 
700 1 |a Brezina, Ivan, 1963- 
700 1 |a Kordošová, Elena 
710 2 |a Ekonomická univerzita v Bratislave. Fakulta hospodárskej informatiky